[Event "CZE-ch Open 2018"]
[Site "Ostrava"]
[Date "2018.05.02"]
[Round "5"]
[White "Vybiral, Zdenek"]
[Black "Lechtynsky, Jiri"]
[Result "1/2-1/2"]
[WhiteElo "2261"]
[BlackElo "2349"]
[Annotator "TA"]
[PlyCount "110"]
[EventDate "2018.??.??"]
[EventCountry "CZE"]
[SourceTitle "playchess.com"]
[Source "ChessBase"]
[SourceQuality "1"]

{[%evp 18,110,0,0,0,10,13,0,5,5,0,9,22,29,27,0,41,49,67,60,90,59,90,77,95,50,109,114,114,108,100,49,41,32,143,141,210,209,212,216,210,186,204,120,110,111,206,11,59,0,0,0,36,0,29,30,28,22,65,47,107,106,112,103,106,103,272,272,270,251,171,37,101,102,122,96,138,132,307,147,135,159,172,89,118,79,93,0,0,0,102,108,29991,0,64]} 1. e4 c5 2. Nf3 g6 3. c3 Bg7 4. h3 (4. d4 cxd4 5. cxd4 d5 6. e5 Nc6 7. Bb5 Nh6 8. O-O O-O 9. h3 f6 10. exf6 exf6 11. Nc3 Nf7 12. Re1 Qd6 13. Be3 Bf5 14. Rc1 Rac8 {0-1 (46) Grischuk,A (2772)-Mamedov,R (2709) Huaian 2017}) 4... Nc6 5. d4 cxd4 6. cxd4 {B27: Sicilian: 2 Nf3, unusual Black 2nd moves} Nf6 7. Nc3 d5 $146 ({Predecessor:} 7... O-O 8. Bc4 e6 9. e5 Ne8 10. O-O f6 11. Re1 Na5 12. Bd3 d6 13. exf6 Bxf6 14. Ne4 {½-½ (47) Schoen,S (1545)-Zacharias,H (1340) Bad Woerishofen 2005}) 8. e5 Ne4 9. Bb5 O-O 10. O-O {LiveBook: 3 Games} Nxc3 11. bxc3 Bd7 12. Bd3 Na5 13. Bf4 Rc8 14. Rc1 Nc4 15. Rb1 b5 16. Qe2 Qa5 17. Nd2 {[%cal Bf3d2,Bd2b3,Bb3c5][%mdl 32]} e6 18. Nb3 $36 {[%mdl 2048] White is more active.} Qc7 (18... Qxc3 $2 19. Rfc1 $18) 19. Nc5 Bc6 20. h4 {[%cal Bh3h4,Bh4h5][%mdl 32]} Rfe8 21. Qg4 Qe7 (21... Bf8 $14) 22. h5 $16 Nxe5 23. Bxe5 Bxe5 24. dxe5 (24. hxg6 $16 hxg6 25. dxe5 Qxc5 26. Bxg6 $1 {[%mdl 512]}) 24... Qxc5 $14 25. hxg6 hxg6 {[#]} ({Black should try} 25... fxg6 $14 26. Bxg6 Re7) 26. Bxg6 $1 $16 {[%mdl 512] aiming for Qh5.} Qf8 (26... Rc7 $16 {might work better.} 27. Bh5+ Kf8) (26... fxg6 27. Qxg6+) 27. Bd3+ $18 Qg7 28. Qd4 $1 Rf8 29. Rfe1 (29. Bxb5 Bxb5 30. Rxb5 Rc4 $11) 29... f5 30. exf6 (30. Bxb5 Bxb5 31. Rxb5 Rc4 $11) (30. Re3 $1 $18 {[%cal Re3g3]} Qe7 31. Rg3+ (31. Bxb5 Bxb5 32. Rxb5 Rf7 $16) 31... Kh8 32. Rh3+ (32. Bxb5 Bxb5 33. Rxb5 Rf7 $16) 32... Kg8 33. Rb4 (33. Bxb5 Bxb5 34. Rxb5 Rf7 $16)) 30... Qxf6 $16 31. Re5 {And now Qg4+ would win.} Bd7 (31... Rf7 $16) 32. Rbe1 $2 (32. Qg4+ $18 Kf7 33. Rxd5) 32... Rf7 33. Bf1 (33. g3 $14) 33... Qf4 $11 34. Qxa7 Rxc3 35. Qb6 (35. g3 $5 {[%cal Rg3f4]} Qf6 36. Qb8+ Kg7 37. Qb6 $11) 35... Rc8 36. g3 Qf6 37. Qe3 Rc2 {[%cal Rf6f2]} 38. Re2 Rxe2 ({Black should play} 38... Rc8 $14) 39. Bxe2 $16 Rg7 40. a3 Rh7 41. Bg4 Qh6 $2 (41... Rh6 $16) 42. Rg5+ $18 Rg7 43. Rxg7+ Kxg7 44. Qe5+ ({Better is} 44. Qxh6+ $1 $18 Kxh6 45. f3) 44... Qf6 (44... Kf8 $14) 45. Qd6 Qf7 46. f4 Bc8 47. Be2 Qg6 $2 (47... Bd7 $16 48. Kf1 Kg8) 48. g4 (48. Qc7+ $18 {and the rest is easy.} Kf6 49. Kh2 (49. Qxc8 Qxg3+ 50. Kf1 Qxf4+ 51. Ke1 Qg3+ 52. Kd2 Qxa3 $16)) 48... Qc2 $16 49. Kf2 $1 Qc3 50. g5 (50. Qe7+ Kg8 $16) (50. Bxb5 $18 {Strongly threatening Qe5+.} Kf7 51. Be2) 50... d4 51. Qe7+ (51. Bxb5 $6 Qe3+ 52. Kf1 Qf3+ 53. Ke1 Qe3+ 54. Be2 (54. Kf1 Qf3+ 55. Ke1 Qc3+ 56. Kf2 Qd2+ 57. Be2 Qe3+ 58. Kf1 Qh3+ 59. Ke1 Qg3+ 60. Kf1 Qh3+ 61. Ke1 Qc3+ 62. Kf1 Qh3+ $11) 54... Qc3+ 55. Kf1 Qc1+ 56. Kg2 Bb7+ 57. Kf2 Qe3+ 58. Kf1 Kg6 $11) 51... Kg8 52. Qe8+ (52. Bxb5 $6 Qe3+ 53. Kg2 Qxf4 $11) (52. Qd8+ $16 Kg7 53. Qf6+ Kg8 54. Qe5 (54. Bxb5 Qe3+ 55. Kg2 Qd2+ 56. Kg3 Qe3+ 57. Kh4 Qe1+ 58. Kh5 Qh1+ 59. Kg4 Qg2+ 60. Kh4 Qh2+ 61. Kg4 e5+ 62. Kf3 Qh1+ 63. Kf2 Qh2+ 64. Kf3 Bb7+ 65. Kg4 Qg2+ 66. Kh4 Qh1+ 67. Kg4 Bf3+ 68. Kf5 Qb1+ 69. Ke6 Qxb5 $11)) 52... Kg7 $11 53. Qe7+ (53. Bf3 $11 Qe3+ 54. Kg3 (54. Kg2 Qd2+ 55. Kg3 Qe1+ 56. Kg4 Qg1+ 57. Kh3 Qf1+ 58. Bg2 Qxf4 $11) 54... Qe1+ 55. Kg4 Qg1+ 56. Kh3 Qf1+ 57. Bg2 Qxf4 58. Qxc8 Qf5+ 59. Kh2 Qe5+ 60. Kh3 Qf5+ 61. Kh2 Qe5+ 62. Kh3 Qf5+) 53... Kg8 $16 54. Qd8+ ({Reject} 54. Bxb5 $6 Qe3+ 55. Kg2 Qxf4 $11) 54... Kh7 $2 {[%mdl 8192] [#]} (54... Kg7 $16) 55. Qe7+ $2 (55. g6+ $1 {[%mdl 512] mates} Kxg6 56. Qg8+ Kf6 57. Qg5+ Kf7 58. Bh5+ Kf8 59. Qf6+ Kg8 60. Bf7+ Kf8 61. Bg6+ Kg8 62. Qf7+ Kh8 63. Qh7#) 55... Kg8 {Precision: White = 44%, Black = 34%.} 1/2-1/2

[Event "CZE-ch Open 2018"]
[Site "Ostrava"]
[Date "2018.05.02"]
[Round "5"]
[White "Jedlicka, Ales"]
[Black "Mrazek, Lumir"]
[Result "0-1"]
[WhiteElo "2238"]
[BlackElo "2327"]
[Annotator "TA"]
[PlyCount "74"]
[EventDate "2018.??.??"]
[EventCountry "CZE"]
[SourceTitle "playchess.com"]
[Source "ChessBase"]
[SourceQuality "1"]

{[%evp 19,74,0,0,-1,0,0,0,-18,-11,-13,-11,-28,-35,-27,18,17,10,-90,-20,-29,-39,-85,-87,-102,-97,-102,-103,-122,-110,-109,-97,-87,-106,-108,-113,-125,-112,-190,-179,-225,-237,-210,-210,-704,-700,-693,-670,-29979,-29980,-29970,-29975,-29979,-2191,-1863,-1810,-29996,-29997]} 1. d4 Nf6 2. c4 g6 3. Nf3 Bg7 4. g3 c6 5. Bg2 O-O 6. O-O d6 7. Nc3 Nbd7 8. h3 e5 9. dxe5 Nxe5 10. Nxe5 {E67: King's Indian: Fianchetto: 6...Nbd7} dxe5 {LiveBook: 5 Games} 11. Be3 (11. Qxd8 Rxd8 12. Be3 Be6 13. b3 Kf8 {½-½ (13) Petkov,V (2497)-Sundararajan,K (2442) Pontevedra 2016}) 11... Qe7 12. Rc1 $146 {The position is equal.} ({Predecessor:} 12. Qc1 Be6 13. b3 Nd7 14. Rd1 f5 15. Bg5 Qf7 16. Bh6 e4 17. Rd6 Rfe8 18. Bxg7 Qxg7 {1-0 (52) Gansvind,V (2155)-Kim,O (2235) Moscow 1996}) 12... Be6 13. Qa4 Nd7 14. Ne4 h6 15. c5 f5 16. Nd6 f4 17. gxf4 exf4 18. Bd4 {[#]} (18. Bxf4 $11 {keeps the balance.} Qh4 19. e3) 18... f3 $1 {[%mdl 512]} 19. exf3 $11 Qh4 20. Ne4 Ne5 21. Rc3 Rad8 {Strongly threatening ...Rxd4!} 22. Rd1 Bxh3 23. Qb3+ {[#]} Kh7 $1 {Threatens to win with ...Bxg2.} 24. Bxe5 Rxd1+ ({Much worse is} 24... Bxe5 $6 25. Rxd8 Rxd8 26. Bxh3 $15) 25. Qxd1 Bxe5 $40 {[%mdl 128] White is in trouble.} 26. Rb3 {[#]} Bc8 $1 27. Rd3 b6 {[%cal Bb7b6,Bb6c5][%mdl 32] White must now prevent ...Qh2+.} 28. Ng3 (28. Ra3 $17) 28... bxc5 $19 29. Qe1 Bxb2 30. Rd6 Bd4 31. Rxc6 $2 (31. Qe4 Qxe4 32. Nxe4) 31... Qxg3 32. Qe7+ Kg8 33. Rxc8 {[%csl Ge7][%cal Rc8f8]} Qxf2+ 34. Kh2 Rxc8 35. Qe6+ Kg7 (35... Kh7 $142 36. Kh3 Rc7 37. Qd6 Rf7 38. Qg3 Qd2 39. Qd6 Qxa2 40. Qc6 Be5 41. Qe4 Qe6+ 42. Qg4 Rf5 43. f4 h5 44. Qf3 Rxf4+ 45. Kg3 Rxf3+ 46. Kxf3 Bd4 47. Kg3 Qe1+ 48. Kh3 Be5 49. Bf3 Qg3#) 36. Qd7+ Kf6 {( -> ...Be5+)} 37. Qxc8 Be5+ {Precision: White = 25%, Black = 70%.} 0-1

[Event "CZE-ch Open 2018"]
[Site "Ostrava"]
[Date "2018.05.02"]
[Round "5"]
[White "Toman, Jaroslav"]
[Black "Sramek, Vojtech"]
[Result "1-0"]
[WhiteElo "2233"]
[BlackElo "2145"]
[Annotator "NA RC"]
[PlyCount "83"]
[EventDate "2018.??.??"]
[EventCountry "CZE"]
[SourceTitle "playchess.com"]
[Source "ChessBase"]
[SourceQuality "1"]
[TimeControl "40/5400+30:900+30"]

1. e4 {[%emt 0:00:00]} c5 {[%emt 0:00:43]} 2. Nc3 {[%emt 0:00:00]} Nc6 {[%emt 0:00:08]} 3. g3 {[%emt 0:17:50]} g6 {[%emt 0:00:30]} 4. Bg2 {[%emt 0:00:30]} Bg7 {[%emt 0:00:30]} 5. f4 {[%emt 0:00:30]} d6 {[%emt 0:00:30]} 6. Nf3 {[%emt 0:00:30]} e6 {[%emt 0:00:30]} 7. d3 {[%emt 0:00:30]} Nge7 {[%emt 0:00:30]} 8. O-O {[%emt 0:00:30]} O-O 9. Be3 Nd4 {[%emt 0:08:21]} 10. Rb1 {[%emt 0:01:30]} Rb8 {[%emt 0:09:30]} 11. Ne2 {[%emt 0:01:02]} Nec6 {[%emt 0:04:16]} 12. Nh4 {[%emt 0:09:19] B25: Closed Sicilian: 3 g3, lines without early Be3} (12. c3 Nxf3+ 13. Bxf3 f5 14. exf5 gxf5 15. d4 cxd4 16. Nxd4 d5 17. Nxc6 bxc6 18. Bxa7 Ra8 19. Bc5 Rxa2 20. Bxf8 {1-0 (31) Stukopin,A (2471)-Usmanov,V (2289) Kirishi 2011}) 12... Bd7 $146 {[%emt 0:14:37]} ({Predecessor:} 12... Nxe2+ 13. Qxe2 f5 14. c3 Qc7 15. g4 Ne7 16. Rbe1 Bd7 17. Bd2 Rbe8 18. Qf3 b5 19. Qg3 Bc6 {1-0 (30) Sorbe,S (2258)-Roger,R (2204) France 2004}) 13. c3 {[%emt 0:01:39]} Nxe2+ {[%emt 0:00:36]} 14. Qxe2 {[%emt 0:00:05]} f5 {[%emt 0:00:14]} 15. e5 {[%emt 0:07:52]} Qc7 {[%emt 0:11:50]} 16. exd6 {[%emt 0:08:44]} Qxd6 {[%emt 0:00:17]} 17. Qf2 {[%emt 0:06:20]} b6 {[%emt 0:02:14]} 18. Nf3 {[%emt 0:00:18]} Rbd8 {[%emt 0:11:27]} 19. Rbd1 {[%emt 0:00:27]} e5 {[%emt 0:08:50]} 20. fxe5 {[%emt 0:02:57]} Nxe5 {[%emt 0:00:20]} 21. Nxe5 {[%emt 0:00:19]} Bxe5 {[%emt 0:01:02]} 22. d4 {[%emt 0:05:08]} Bb5 {[%emt 0:03:04]} 23. Rd2 {[%emt 0:11:39]} cxd4 {[%emt 0:05:35]} 24. cxd4 {[%emt 0:00:04]} Bf6 {[%emt 0:02:57]} 25. Rfd1 {[%emt 0:02:04]} Qb4 {[%emt 0:03:17]} 26. d5 {[%emt 0:04:14]} Be5 {[%emt 0:02:08]} 27. Bd4 {[%emt 0:03:26]} Bxd4 {[%emt 0:00:47]} 28. Rxd4 {[%emt 0:00:09]} Qd6 {[%emt 0:00:22]} 29. a4 {[%emt 0:04:34]} Ba6 {[%emt 0:00:29]} 30. Qd2 {[%emt 0:00:05]} Rfe8 {[%emt 0:01:18]} 31. Re1 {[%emt 0:02:10]} Rc8 {[%emt 0:02:15]} 32. Rxe8+ {[%emt 0:00:42]} Rxe8 {[%emt 0:00:05]} 33. Bf3 {[%emt 0:00:24]} Bb7 {[%emt 0:01:20]} 34. Kg2 {[%emt 0:00:27]} Kg7 {[%emt 0:01:20]} 35. h4 {[%emt 0:01:20]} h5 {[%emt 0:00:56]} 36. Rc4 {[%emt 0:01:39]} Rd8 {[%emt 0:00:51]} 37. Qc3+ {[%emt 0:03:16]} Kg8 {[%emt 0:01:23]} 38. Rc7 {[%emt 0:00:56]} Rd7 {[%emt 0:01:25]} 39. Rxb7 {[%emt 0:00:46]} Rxb7 {[%emt 0:00:14]} 40. Qc8+ {[%emt 0:00:06]} Qf8 $18 {[%emt 0:15:13]} 41. Qxb7 {[%emt 0:15:07]} Qb4 {[%emt 0:00:34]} 42. Qc8+ {[%emt 0:03:44]} 1-0

[Event "CZE-ch Open 2018"]
[Site "Ostrava"]
[Date "2018.05.02"]
[Round "5"]
[White "Belunek, Vladimir"]
[Black "Obsivac, Josef"]
[Result "1/2-1/2"]
[WhiteElo "2216"]
[BlackElo "2330"]
[Annotator "TA"]
[PlyCount "66"]
[EventDate "2018.??.??"]
[EventCountry "CZE"]
[SourceTitle "playchess.com"]
[Source "ChessBase"]
[SourceQuality "1"]

{[%evp 17,66,41,37,20,30,38,41,42,48,43,43,41,60,28,25,10,21,19,17,14,64,14,29,15,35,50,129,109,186,166,212,171,406,97,97,93,93,77,66,68,352,0,0,0,0,0,0,0,0,0,0]} 1. d4 Nf6 2. c4 e6 3. Nf3 b6 4. g3 Bb7 5. Bg2 Be7 6. O-O O-O 7. Nc3 Na6 8. Ne5 {E18: Queen's Indian: Old Main Line (4 g3 Bb7 5 Bg2 Be7 6 0-0 0-0 7 Nc3)} (8. d5 Bb4 9. Bd2 Nc5 10. Nh4 Re8 11. a3 Bxc3 12. Bxc3 exd5 13. cxd5 Nce4 14. Bd4 c5 15. dxc6 dxc6 16. f3 c5 17. Bxf6 Nxf6 {0-1 (60) Nakamura,H (2787)-Carlsen,M (2853) chess.com INT 2016}) 8... Bxg2 9. Kxg2 Qc8 {LiveBook: 7 Games} 10. f3 $146 {White is slightly better.} ({Predecessor:} 10. e4 Qb7 11. d5 Bb4 12. f3 Bxc3 13. bxc3 d6 14. Nc6 Nb8 15. Nd4 Re8 {1-0 (47) Atabayev,M (2483)-Chernyshov,K (2503) Budapest 2016}) 10... c6 11. e4 {[%cal Be2e4,Be4e5][%mdl 32]} d6 12. Nd3 d5 13. cxd5 cxd5 14. e5 Nd7 15. Be3 Nb4 16. Nf2 a6 17. Rc1 Qb7 18. h4 {[%cal Bh2h4,Bh4h5][%mdl 32]} Rfc8 19. h5 b5 20. f4 {[%cal Bf3f4,Bf4f5][%mdl 32]} Nc6 21. Qf3 Na5 (21... Nb6 $14) 22. Ng4 Nc4 (22... b4 $16 {was called for.}) 23. f5 $18 Nxe3+ 24. Qxe3 b4 $2 (24... exf5 {was necessary.} 25. Qf3 (25. Rxf5 b4 $14) 25... Kh8) 25. Ne2 $2 (25. f6 $1 $18 Nxf6 26. exf6 Bxf6 27. Nxf6+ gxf6 28. Na4 (28. Rxf6 bxc3 29. bxc3 Qc7 $16) 28... Rxc1 29. Rxc1) 25... Rxc1 26. Nxc1 {f6 is the strong threat.} exf5 27. Rxf5 {Threatens to win with e6.} Nf8 28. Qf2 Rc8 $2 {[%mdl 8192]} (28... Bd8 $1 $14) 29. Ne2 $2 ({White should try} 29. Rxf7 $18 {Hoping for h6.} h6 30. Nd3) 29... Rc2 $11 {The position is equal.} 30. Rxf7 {And now h6 would win.} Qb5 $1 31. Kf1 Rc1+ ({But not} 31... Rxe2 $2 32. Rxf8+ $1 {[%mdl 512]} Bxf8 33. Qxe2 $18) 32. Kg2 Rc2 33. Kf1 Rc1+ {Precision: White = 51%, Black = 55%.} ({Stronger than} 33... Rxe2 {[#]} 34. Rxf8+ $1 {[%mdl 512]} Bxf8 35. Qxe2 $18) 1/2-1/2

[Event "CZE-ch Open 2018"]
[Site "Ostrava"]
[Date "2018.05.02"]
[Round "5"]
[White "Skalsky, Alexandr"]
[Black "Cerveny, Petr"]
[Result "0-1"]
[WhiteElo "2207"]
[BlackElo "2315"]
[Annotator "TA"]
[PlyCount "80"]
[EventDate "2018.??.??"]
[EventCountry "CZE"]
[SourceTitle "playchess.com"]
[Source "ChessBase"]
[SourceQuality "1"]

{[%evp 24,80,60,44,54,40,52,-27,-17,-20,-18,-16,-22,-93,-80,-89,-75,-150,-130,-224,-225,-270,-267,-228,-265,-259,-258,-272,-233,-413,-388,-571,-511,-563,-511,-645,-622,-567,-543,-1072,-945,-1109,-1070,-1120,-996,-1841,-1837,-1913,-1798,-2611,-2523,-2873,-2881,-2488,-2427,-2354,-2288,-2416,-2340]} 1. e4 g6 2. d4 Bg7 3. Nc3 c6 4. f4 d5 5. e5 Nh6 6. Nf3 f6 7. Be3 Bg4 8. h3 Bxf3 9. Qxf3 O-O 10. exf6 {B15: Caro-Kann: 3 Nc3: 3...g6 and 3...dxe4 4 Nxe4 Nf6 5 Nxf6+ exf6} (10. Qe2 fxe5 11. dxe5 e6 12. O-O-O Nd7 13. h4 c5 14. Nb5 Nf5 15. Bf2 a6 16. Nc3 b5 17. g3 Qc7 {1-0 (51) Hracek,Z (2612)-Hamitevici,V (2487) Minsk 2017}) 10... exf6 11. g4 f5 12. O-O-O Nd7 13. Bd3 {LiveBook: 3 Games} Nb6 14. Ne2 Qe7 15. Rdg1 $146 (15. Kb1 $14) ({Predecessor:} 15. Ng3 Rae8 16. Bf2 Nc4 17. c3 Nd6 18. gxf5 Nhxf5 {0-1 (58) Lemmers,O (2365)-Van Mil,J (2475) Belgium 1996}) 15... Rae8 16. Bf2 Nc4 17. Bxc4 dxc4 18. Ng3 (18. Nc3 $11) 18... Qd6 $36 {[%mdl 2048] White is under strong pressure.} 19. g5 Nf7 20. Re1 {[#]} ({White should try} 20. h4) 20... c3 $1 $17 ({But not} 20... Bxd4 $2 21. Rd1 $16) 21. bxc3 {[#]} (21. Rd1 $17) 21... Qa3+ $1 $19 22. Kd2 Nd6 {Threatens to win with ...Nc4+.} (22... Qxa2 23. Ra1 $11) 23. Rxe8 Rxe8 24. Re1 Rxe1 ({Less strong is} 24... Qxa2 25. Rxe8+ Nxe8 26. d5 $15) 25. Bxe1 Qxa2 26. Bf2 $2 (26. Ne2) 26... a5 ({Not} 26... Nc4+ 27. Kd3 $19) 27. Qe2 (27. d5 $142 Nc4+ 28. Kd3) 27... Kf7 {Black is clearly winning.} 28. d5 {Intending Qe6+ and mate.} Qxd5+ 29. Qd3 Ne4+ 30. Nxe4 fxe4 (30... Qxe4 $2 31. Qd7+ Qe7 32. Qd3 $19) 31. Qxd5+ cxd5 {[%mdl 4096] Endgame KB-KB} 32. Bc5 b5 33. Bb6 a4 34. Bc5 Bf8 35. Bd4 Ke6 36. Kc1 Bd6 37. Kb2 Bxf4 38. Ka3 Bd6+ 39. Kb2 Kf5 40. c4 bxc4 {Precision: White = 16%, Black = 97%.} 0-1

[Event "CZE-ch Open 2018"]
[Site "Ostrava"]
[Date "2018.05.02"]
[Round "5"]
[White "Stepan, Patrik"]
[Black "Kopriva, Martin"]
[Result "1-0"]
[WhiteElo "2207"]
[BlackElo "2071"]
[Annotator "TA"]
[PlyCount "63"]
[EventDate "2018.??.??"]
[EventCountry "CZE"]
[SourceTitle "playchess.com"]
[Source "ChessBase"]
[SourceQuality "1"]

{[%evp 28,62,123,108,137,135,138,124,152,113,172,165,191,170,162,137,146,136,139,141,193,195,339,77,84,71,252,122,174,172,411,405,418,397,1489,1463,29999]} 1. d4 g6 2. c4 Bg7 3. Nf3 d6 4. Nc3 Nf6 5. e4 O-O 6. Be2 e5 7. O-O Nc6 8. d5 Ne7 9. b4 Ne8 10. c5 h6 11. a4 {E97: King's Indian: Classical Main Line (6...e5 7 0-0 Nc6): 8 Be3 and 8 d5 Ne7, not 9 Ne1} f5 12. Nd2 (12. a5 Nf6 13. Nd2 f4 14. Ba3 g5 15. b5 g4 16. b6 axb6 17. axb6 cxb6 18. cxd6 Rxa3 19. Rxa3 {0-1 (41) Topalov,V (2749)-Nakamura,H (2780) Saint Louis 2017}) 12... Nf6 13. f3 f4 14. Nc4 g5 15. Ba3 {LiveBook: 4 Games} h5 16. b5 {[%cal Rc5d6]} dxc5 $146 ({Predecessor:} 16... Ne8 17. a5 {1-0 (37) Nikolov,S (2409)-Badev,K (2324) Rudarci 2009}) 17. Bxc5 Ng6 18. d6 {Black must now prevent dxc7.} cxd6 (18... Rf7 $16) 19. Qxd6 Re8 {Strongly threatening ...Bf8.} 20. Qxd8 Rxd8 21. Rfd1 $36 {[%mdl 2048] Black is under strong pressure.} Rxd1+ 22. Rxd1 {Rd8+ is the strong threat.} (22. Bxd1 $6 Be6 $11) 22... Be6 {Hoping for ...Rc8.} 23. b6 Bf8 {[#]} (23... axb6 $16 24. Nxb6 Re8) 24. Bxf8 $1 $18 Kxf8 (24... Nxf8 {keeps fighting.} 25. bxa7 (25. Nxe5 a6 $16) 25... Rxa7) 25. bxa7 $2 (25. Rd6 $18 Ke7 26. Nb5) 25... Rxa7 $16 26. Nb6 Ke7 $2 {[#]} (26... g4 $16) 27. Bb5 (27. Ncd5+ $1 $18 {is the precise move to win.} Kf7 28. Nc7) 27... Ra5 (27... Kf8 $16 {might work better.} 28. Ncd5 Ne8) 28. Ncd5+ $18 Bxd5 $2 (28... Kf7 29. Rc1 (29. Nc4 Ra7 $16) 29... Ne8) 29. exd5 {[%cal Be4d5,Bd5d6][%mdl 32]} ({Weaker is} 29. Nxd5+ Nxd5 30. Rxd5 Ra7 $16) 29... Nf8 30. d6+ Kd8 $2 (30... Ke6 31. d7 N8xd7 32. Nxd7 (32. Bxd7+ Nxd7 33. Nxd7 g4 $18) 32... Rxb5) 31. Rc1 {[%csl Gb6][%cal Rc1c8]} Rxb5 32. Rc8# {Precision: White = 51%, Black = 22%.} 1-0

[Event "CZE-ch Open 2018"]
[Site "Ostrava"]
[Date "2018.05.02"]
[Round "5"]
[White "Bartos, Jan"]
[Black "Malinovsky, Petr"]
[Result "1/2-1/2"]
[WhiteElo "2198"]
[BlackElo "2006"]
[Annotator "TA"]
[PlyCount "127"]
[EventDate "2018.??.??"]
[EventCountry "CZE"]
[SourceTitle "playchess.com"]
[Source "ChessBase"]
[SourceQuality "1"]

{[%evp 12,127,45,36,50,48,52,49,41,47,83,79,102,105,109,107,121,129,141,64,108,106,125,48,48,50,98,98,98,95,90,96,90,89,126,121,122,113,144,140,164,158,166,164,163,158,237,237,223,220,206,217,214,208,225,197,176,86,83,81,186,83,145,81,88,0,0,0,0,0,0,0,0,-17,-25,-40,0,0,140,137,280,262,241,110,218,109,129,4,79,50,63,62,63,55,60,0,65,0,0,0,0,0,0,0,0,0,0,0,0,0,0,0,0,0,0,0,0,0]} 1. d4 d5 2. Bf4 e6 3. e3 Bd6 4. Bg3 Ne7 (4... Nf6 5. Nd2 c5 6. c3 Qc7 7. Ngf3 Nbd7 8. Bd3 O-O 9. O-O e5 10. dxe5 Nxe5 11. Nxe5 Bxe5 12. e4 Bxg3 13. hxg3 Bg4 14. Qc2 c4 15. exd5 cxd3 16. Qxd3 b5 17. Qxb5 {0-1 (42) Al Sayed,M (2511)-Vallejo Pons,F (2707) Riadh 2017}) 5. Nf3 Nf5 6. c4 {D00: 1 d4 d5: Unusual lines} Nxg3 7. hxg3 {LiveBook: 3 Games} c6 8. Nc3 {White is slightly better.} Nd7 9. Qc2 h6 10. O-O-O dxc4 $146 ({Predecessor:} 10... a6 11. e4 dxc4 12. Bxc4 b5 {0-1 (45) Heberla,B (2539)-Luther,T (2515) Dresden 2011}) 11. Bxc4 b5 12. Be2 Bb7 13. Ne4 Qe7 14. Kb1 a6 15. Nfg5 (15. Ne5 $1 $16) 15... Bb4 16. a3 Ba5 17. Nc5 (17. Nf3 $16) 17... Nxc5 $14 18. Qxc5 Bc7 19. Ne4 Qxc5 20. Nxc5 Ra7 21. Rc1 $36 {[%mdl 2048] White is in control.} Ba8 22. Bf3 Bb6 23. Nd3 Rc7 24. Ne5 Ke7 25. Bxc6 Bxc6 26. Rxc6 Rxc6 27. Nxc6+ $16 {[%mdl 4096] Endgame KRB-KRN} Kd6 28. Ne5 Kd5 (28... Ke7 $16 29. Rc1 Ra8) 29. Rc1 $18 ({Don't do} 29. Nxf7 Rf8) 29... f6 30. Nd7 Ba7 31. Rc7 Ra8 {[#] Black wants to play ...Kd6.} 32. Nc5 $1 {[%cal Rc5a6]} e5 33. Nb3 exd4 34. Nxd4 (34. exd4 $18 {has better winning chances.} g6 35. Rb7) 34... Bxd4 {KRB-KR} 35. Rd7+ Ke5 (35... Ke6 $16 36. Rxd4 h5) 36. Rxd4 {KR-KR} (36. exd4+ $18 Ke4 37. Rxg7) 36... Rc8 (36... h5 $142) 37. f3 ({Better is} 37. Rd7) 37... Rc6 38. Rd2 (38. Rd7 $16) 38... f5 $1 $11 39. Rc2 Rg6 40. Rc5+ Kd6 41. Rxf5 Rxg3 42. Kc2 Rxg2+ 43. Kc3 g6 44. Rf6+ Kc5 (44... Ke5 $11 45. Rxa6 h5) 45. Rxa6 h5 (45... Kd5 $16 46. b4 Ra2) 46. e4 $18 {[%csl Ga3,Gc3][%cal Rb2b4]} b4+ 47. axb4+ Kb5 {[#]} 48. Ra5+ (48. Ra8 $1 $18) 48... Kb6 $16 49. f4 ({White should play} 49. Ra8 $16) 49... h4 (49... Rg4 $1 $11 {remains equal.}) 50. Kd4 h3 {aiming for ...h2.} 51. Ra3 $1 {[%cal Ra3h3]} h2 52. Rh3 Rxb2 53. Ke5 (53. Kd5 $14) 53... Kc7 (53... Kc6 $11) 54. Kf6 (54. Kd5 $1 $14) 54... Rxb4 $11 {The position is equal.} 55. Rxh2 Rxe4 56. Rf2 Kd7 57. Kxg6 {And now f5 would win.} Ke7 58. Kf5 Re6 59. Ra2 {Ra7+ would kill now.} Rb6 60. Ra7+ Kf8 61. Kg5 Rc6 62. f5 Rb6 63. f6 {Intending Kg6 and mate.} Rb1 64. Ra8+ {Precision: White = 55%, Black = 45%.} 1/2-1/2

[Event "CZE-ch Open 2018"]
[Site "Ostrava"]
[Date "2018.05.02"]
[Round "5"]
[White "Vystrcil, Martin"]
[Black "Jelinek, Michal"]
[Result "0-1"]
[WhiteElo "2146"]
[BlackElo "2134"]
[Annotator "NA RC"]
[PlyCount "66"]
[EventDate "2018.??.??"]
[EventCountry "CZE"]
[SourceTitle "playchess.com"]
[Source "ChessBase"]
[SourceQuality "1"]
[TimeControl "40/5400+30:900+30"]

1. e4 {[%emt 0:00:00]} e6 {[%emt 0:00:40]} 2. d4 {[%emt 0:00:00]} d5 {[%emt 0:00:06]} 3. Nd2 {[%emt 0:00:00]} a6 {[%emt 0:00:07]} 4. Ngf3 {[%emt 0:01:14]} c5 {[%emt 0:00:38]} 5. exd5 {[%emt 0:01:15]} exd5 {[%emt 0:00:17]} 6. dxc5 {[%emt 0:00:53]} Bxc5 {[%emt 0:00:45]} 7. Nb3 {[%emt 0:01:00]} Bb6 {[%emt 0:00:45]} 8. Be2 {[%emt 0:02:23]} Nf6 {[%emt 0:01:29]} 9. O-O {[%emt 0:03:24]} h6 {[%emt 0:00:33]} 10. Nfd4 {[%emt 0:09:31]} O-O {[%emt 0:02:10]} 11. Bf4 {[%emt 0:04:19]} Nc6 {[%emt 0:01:01]} 12. c3 {[%emt 0:00:43]} Re8 {[%emt 0:01:13]} 13. Re1 {[%emt 0:01:57]} Ne4 {[%emt 0:02:59]} 14. f3 {[%emt 0:25:16]} Nc5 {[%emt 0:07:25]} 15. Kh1 {[%emt 0:09:27]} Ne6 {[%emt 0:03:03]} 16. Be3 {[%emt 0:05:56]} Nexd4 {[%emt 0:08:24]} 17. Bxd4 {[%emt 0:00:20]} Nxd4 {[%emt 0:00:07]} 18. Nxd4 {[%emt 0:00:05]} Qh4 {[%emt 0:05:28]} 19. Bd3 {[%emt 0:14:19]} Bd7 {[%emt 0:02:27]} 20. Rxe8+ {[%emt 0:09:22]} Rxe8 {[%emt 0:00:06]} 21. Qg1 {[%emt 0:00:54]} Re5 {[%emt 0:04:34]} 22. Rd1 {[%emt 0:01:25]} Rh5 {[%emt 0:02:37]} 23. g3 {[%emt 0:01:06]} Qf6 {[%emt 0:00:35]} 24. Be2 {[%emt 0:02:58]} Re5 {[%emt 0:04:16]} 25. Qf2 {[%emt 0:02:28]} g5 {[%emt 0:27:35]} 26. Kg2 {[%emt 0:00:58]} Kh8 {[%emt 0:02:56]} 27. Rd2 {[%emt 0:00:26]} h5 {[%emt 0:01:11]} 28. Kf1 {[%emt 0:01:36]} h4 {[%emt 0:02:22]} 29. Ke1 {[%emt 0:00:36]} Qg6 {[%emt 0:07:53]} 30. gxh4 {[%emt 0:00:35]} Qb1+ {[%emt 0:01:27]} 31. Rd1 {[%emt 0:00:02]} Qxb2 {[%emt 0:00:14]} 32. Kf1 {[%emt 0:00:47]} Bh3+ {[%emt 0:01:09]} 33. Kg1 {[%emt 0:00:39]} Rxe2 {[%emt 0:00:32]} 0-1